What do you want Paul-ALL LYRICS-tgwdlm - Statistics

General Stats
  • This quiz has been taken 6 times
  • The average score is 327 of 377
Answer Stats
Answer % Correct
a
100%
A
100%
at
100%
be
100%
Carol,
100%
Carol!
100%
choke
100%
company?
100%
deepest
100%
desire
100%
do
100%
else
100%
for
100%
forgot
100%
go
100%
I
100%
in
100%
intent
100%
is
100%
it
100%
It
100%
jerk
100%
just
100%
know,
100%
know
100%
light
100%
man
100%
maybe?
100%
Maybe
100%
me
100%
muse,
100%
my
100%
night
100%
No,
100%
now
100%
of
100%
off
100%
Off
100%
or
100%
out
100%
Paul?
100%
Paul,
100%
Paul
100%
Paul!
100%
phone
100%
see
100%
So,
100%
so
100%
SO
100%
some
100%
somebody
100%
Tell
100%
tell
100%
the
100%
this
100%
this,
100%
to
100%
To
100%
want
100%
want,
100%
want!
100%
was
100%
What
100%
what
100%
wife
100%
with
100%
you
100%
you,
100%
Your
100%
your
100%
You're
100%
you're
100%
ambition
80%
an
80%
And
80%
anyone
80%
can't
80%
'Cause
80%
classes
80%
don't
80%
everything's
80%
fine
80%
fired
80%
get
80%
Goodbye
80%
hear
80%
home!
80%
How
80%
how's
80%
if
80%
I'll
80%
I'm
80%
improv
80%
I've
80%
keep
80%
leave!
80%
leave,
80%
long
80%
looking
80%
love
80%
Melissa,
80%
myself?
80%
need
80%
not
80%
on
80%
partner?
80%
remember
80%
shelters
80%
should
80%
someday,
80%
someday
80%
someone
80%
Someone
80%
Something
80%
something
80%
source
80%
strong
80%
supposed
80%
sympathize
80%
take
80%
trusted
80%
Twitch
80%
uh
80%
up
80%
waited
80%
wanna
80%
wanted
80%
wants?
80%
while
80%
who
80%
yoga
80%
about
60%
better!
60%
boss
60%
But
60%
caramel
60%
consumes
60%
Davidson,
60%
drive
60%
D'you
60%
frappe,
60%
guy
60%
hands
60%
have
60%
high
60%
hire
60%
idea
60%
keeps
60%
Kids,
60%
lusted
60%
masses
60%
Mr.
60%
nothing
60%
our
60%
passion
60%
pin
60%
pine
60%
plot
60%
precise
60%
precision
60%
primary
60%
promise
60%
sell
60%
sky
60%
specific
60%
stock
60%
that
60%
their
60%
then
60%
Then
60%
think
60%
thoughts
60%
through
60%
vague
60%
vision
60%
volunteer
60%
Well,
60%
Yes,
60%
actions?
40%
all
40%
anything?
40%
coffee,
40%
concrete
40%
goal
40%
going
40%
gotta
40%
iced
40%
Money,
40%
motivates
40%
one
40%
Pauls
40%
point
40%
that's
40%
There's
40%
those!
40%
We're
40%
What's
40%
sahre
0%
taht'll
0%
No matching quizzes found
Score Distribution
Percent of People with Each Score
Percentile by Number Answered
Your Score History
You have not taken this quiz